000 01384pab a2200169 454500
008 180718b1999 xxu||||| |||| 00| 0 eng d
100 _aZahniser, Steven S.
245 _aOne border, two transitions: Mexican migration to the United States as a two-way process
260 _c1999
300 _ap.1350-380
362 _aJun-Jul
520 _aThis article employs a unique logit model developed by Yamaguchi to study Mexican migration to the United States. The model contains interaction terms between the previous year's migration decision and key explanatory variables. This innovation allows for the differential measurement of the variables' influence on the Mexico-to-U.S. and the U.S.-to-Mexico transitions. Migration is found to be a persistent phenomenon for its participants. Legal residents of the United States and persons with more dependent children are inclined either to remain in the United States or to participate in migration year after year. Female migrants are less likely to return to Mexico, whereas married migrants tend to follow a year of migration with 1 or more years spent entirely in Mexico. Surprisingly, macroeconomic indicators of expected wage differentials between the two countries explain little of migration behavior. - Reproduced
650 _aMigration
650 _aImmigration
773 _aAmerican Behavioral Scientist
909 _a41795
999 _c41795
_d41795